International Organization (Record no. 345301)
[ view plain ]
| 000 -LEADER | |
|---|---|
| fixed length control field | 00342 a2200133 4500 |
| 082 ## - DEWEY DECIMAL CLASSIFICATION NUMBER | |
| Classification number | 341.105 |
| 090 ## - LOCALLY ASSIGNED LC-TYPE CALL NUMBER (OCLC); LOCAL CALL NUMBER (RLIN) | |
| -- | 2811 |
| -- | 2811 |
| 100 ## - MAIN ENTRY--PERSONAL NAME | |
| Personal name | S. M.Shahid |
| 245 ## - TITLE STATEMENT | |
| Title | International Organization |
| Statement of responsibility, etc. | S.M.Shahid |
| 260 ## - PUBLICATION, DISTRIBUTION, ETC. | |
| Place of publication, distribution, etc. | Lahore |
| Name of publisher, distributor, etc. | New books Palace Urdu bazar Lahore |
| Date of publication, distribution, etc. | 2000 |
| 300 ## - PHYSICAL DESCRIPTION | |
| Extent | 400p |
| 500 ## - GENERAL NOTE | |
| General note | Paper cover |
| 942 ## - ADDED ENTRY ELEMENTS (KOHA) | |
| Institution code [OBSOLETE] | NBS |
| Koha item type | Book |
| Call number prefix | 341.105 SHD |
| Withdrawn status | Lost status | Damaged status | Not for loan | Permanent Location | Current Location | Date acquired | Total Checkouts | Full call number | Barcode | Date last seen | Date last checked out | Price effective from | Koha item type |
|---|---|---|---|---|---|---|---|---|---|---|---|---|---|
| NUST Law School (NLS) | NUST Law School (NLS) | 08/28/2013 | 1 | 341.105 SHD | NBS2049 | 11/23/2017 | 08/16/2017 | 08/28/2013 | Book | ||||
| NUST Law School (NLS) | NUST Law School (NLS) | 08/28/2013 | 1 | 341.105 SHD | NBS2050 | 11/23/2017 | 08/16/2017 | 08/28/2013 | Book |
